00499nam a2200145Ia 4500008004100000020001800041040002400059110002400083245010900107250001100216260006500227300003200292546001400324653001500338221202s9999 xx 000 0 und d a9789870000000 aAR-BeUNQbspaeaacr aBiblioteca Nacional 0aLos siete locosb"Roberto Arlt. Catálogo de la muestra""Arlt en dos"": Museo del libro y de la lengua" a1a ed. aCiudad Autónoma de Buenos AiresbBiblioteca Nacionalc2013 a192 p;bil.c19,5 x 27,5 cm aEspañol aCatálogo